El Ingenioso Hidalgo Don Quijote de la Mancha (Record no. 2409)

MARC details
000 -CABECERA
campo de control de longitud fija 01668nam a2200337 a 4500
001 - NÚMERO DE CONTROL
campo de control BRCA_2669
005 - FECHA Y HORA DE LA ÚLTIMA TRANSACCIÓN
campo de control 20190320203921.0
008 - DATOS DE LONGITUD FIJA--INFORMACIÓN GENERAL
campo de control de longitud fija 021208s1882----sp-a---###---#000-0#spa-u
041 ## - CÓDIGO DE LENGUA
Código de lengua del texto/banda sonora o título independiente spa
044 ## - CÓDIGO DEL PAÍS DE LA ENTIDAD EDITORA/PRODUCTORA
Código MARC del país sp
084 ## - OTRO NÚMERO DE CLASIFICACIÓN
Número de clasificación 199
Número de documento/Ítem .M364
-- 1882
100 1# - ENTRADA PRINCIPAL--NOMBRE DE PERSONA
Nombre de persona Cervantes Saavedra, Miguel de
Fechas asociadas al nombre 1547-1616
9 (RLIN) 213
245 10 - MENCIÓN DE TÍTULO
Título El Ingenioso Hidalgo Don Quijote de la Mancha
Mención de responsabilidad, etc. por Miguel de Cervantes Saavedra.
250 ## - MENCIÓN DE EDICIÓN
Mención de edición 5
260 ## - PUBLICACIÓN, DISTRIBUCIÓN, ETC.
Lugar de publicación, distribución, etc. Barcelona
Nombre del editor, distribuidor, etc. Salvador Manero
Fecha de publicación, distribución, etc. 1882
300 ## - DESCRIPCIÓN FÍSICA
Extensión 383 p.
Otras características físicas il.
Dimensiones 32 cm.
Material acompañante/anejo 1 mapa
440 #0 - MENCIÓN DE SERIE/PUNTO DE ACCESO ADICIONAL--TÍTULO
Título Biblioteca ilustrada de Salvador Rivas
9 (RLIN) 7532
500 ## - NOTA GENERAL
Nota general Contenido : Primera parte. Retrato de Cervantes. Nota del editor. Dedicatoria del autor. Prólogo del autor. Versos preliminares. Texto. Segunda parte. Documentos de la ecición príncipe. Prólogo del autor. Mapa de lugares recorridos por D. Quijote. Texto
500 ## - NOTA GENERAL
Nota general Edición : De gran lujo adornada con preciosas láminas debidas al reputado artista Ramón Puiggarí y un mapa de los lugares recorridos por el héroe manchego
500 ## - NOTA GENERAL
Nota general Ejemplar similar al LO-198. Semipiel; lomeras y planos ricamente decorados con adornos y asuntos quijotescos dorados Lúdovik Osterc
500 ## - NOTA GENERAL
Nota general Estado físico : Lomo desprendido de la parte inferior
500 ## - NOTA GENERAL
Nota general QM188
650 14 - PUNTO DE ACCESO ADICIONAL DE MATERIA--TÉRMINO DE MATERIA
Término de materia o nombre geográfico como elemento de entrada Novela española
Subdivisión cronológica Época clásica, 1500-1700
9 (RLIN) 215
650 14 - PUNTO DE ACCESO ADICIONAL DE MATERIA--TÉRMINO DE MATERIA
Término de materia o nombre geográfico como elemento de entrada Literatura española
Subdivisión cronológica Época clásica, 1500-1700
9 (RLIN) 216
650 14 - PUNTO DE ACCESO ADICIONAL DE MATERIA--TÉRMINO DE MATERIA
Término de materia o nombre geográfico como elemento de entrada Novela española
Subdivisión cronológica Siglo XVII
9 (RLIN) 217
650 14 - PUNTO DE ACCESO ADICIONAL DE MATERIA--TÉRMINO DE MATERIA
Término de materia o nombre geográfico como elemento de entrada Don Quijote (Personaje ficticio)
Término indicativo de función/relación Novela
9 (RLIN) 218
700 1# - PUNTO DE ACCESO ADICIONAL--NOMBRE DE PERSONA
Nombre de persona Puiggarí, Ramón
Fechas asociadas al nombre 1820-1894
Término indicativo de función/relación Ilustrador
9 (RLIN) 7576
740 0# - PUNTO DE ACCESO ADICIONAL--TÍTULO RELACIONADO O ANALÍTICO NO CONTROLADO
Título relacionado o analítico no controlado El Ingenioso Hidalgo Don Quijote de la Mancha
902 ## - CATALOGADOR
Iniciales QFM
942 ## - ELEMENTOS DE PUNTO DE ACCESO ADICIONAL (KOHA)
Fuente del sistema de clasificación o colocación Library of Congress Classification
Tipo de ítem Koha Libros
Holdings
Estado de retiro Estado de pérdida Estado dañado No para préstamo Localización permanente Ubicación/localización actual Fecha de adquisición Número de inventario Total de préstamos Signatura topográfica completa Código de barras Fecha visto por última vez Precio válido a partir de Tipo de ítem Koha
El ejemplar forma parte de la colección y puede ser consultado según las políticas vigentes.       Biblioteca del Museo Franz Mayer (Rogerio Casas-Alatriste) Biblioteca del Museo Franz Mayer (Rogerio Casas-Alatriste) 02/12/2008 QM188   199 .M364 1882 (QM188) 2666 22/03/2019 22/03/2019 Libros